<?xml version="1.0" encoding="UTF-8"?><?xml-stylesheet type="text/xsl" href="static/style.xsl"?><OAI-PMH xmlns="http://www.openarchives.org/OAI/2.0/" xmlns:xsi="http://www.w3.org/2001/XMLSchema-instance" xsi:schemaLocation="http://www.openarchives.org/OAI/2.0/ http://www.openarchives.org/OAI/2.0/OAI-PMH.xsd"><responseDate>2026-06-01T06:04:27Z</responseDate><request verb="GetRecord" identifier="oai:riuma.uma.es:10630/46351" metadataPrefix="marc">https://riuma.uma.es/rest/oai/request</request><GetRecord><record><header><identifier>oai:riuma.uma.es:10630/46351</identifier><datestamp>2026-04-13T23:46:05Z</datestamp><setSpec>com_10630_2254</setSpec><setSpec>col_10630_37953</setSpec></header><metadata><record xmlns="http://www.loc.gov/MARC21/slim" xmlns:dcterms="http://purl.org/dc/terms/" xmlns:doc="http://www.lyncode.com/xoai" xmlns:xsi="http://www.w3.org/2001/XMLSchema-instance" xsi:schemaLocation="http://www.loc.gov/MARC21/slim http://www.loc.gov/standards/marcxml/schema/MARC21slim.xsd">
   <leader>00925njm 22002777a 4500</leader>
   <datafield ind2=" " ind1=" " tag="042">
      <subfield code="a">dc</subfield>
   </datafield>
   <datafield ind2=" " ind1=" " tag="720">
      <subfield code="a">Bermúdez-González, Guillermo José</subfield>
      <subfield code="e">author</subfield>
   </datafield>
   <datafield ind2=" " ind1=" " tag="720">
      <subfield code="a">Maldonado Canca, Luis Alfonso</subfield>
      <subfield code="e">author</subfield>
   </datafield>
   <datafield ind2=" " ind1=" " tag="720">
      <subfield code="a">Cabera-Sánchez, Juan Pedro</subfield>
      <subfield code="e">author</subfield>
   </datafield>
   <datafield ind2=" " ind1=" " tag="720">
      <subfield code="a">Cobo-Paz, Lucía</subfield>
      <subfield code="e">author</subfield>
   </datafield>
   <datafield ind2=" " ind1=" " tag="260">
      <subfield code="c">2026</subfield>
   </datafield>
   <datafield ind2=" " ind1=" " tag="520">
      <subfield code="a">Purpose – This study examines how symbolic leadership and sponsorship congruence jointly influence fan behavior in a high-identity associative sport context. Specifically, it analyzes how presidential authenticity and perceived sponsor-club fit shape pride of belonging, team identification, attitudes toward the sponsor, and purchase intention in FC Barcelona. 
Design/methodology/approach – Data were collected from 902 FC Barcelona members who voted in the 2021 presidential election. Using partial least squares structural equation modeling (PLS-SEM), the study tests a mediated symbolic model grounded in Social Identity Theory, the Meaning Transfer Model, and the Congruence Hypothesis. Multigroup analyses were conducted to explore heterogeneity by voting behavior and gender. 
Findings – Presidential authenticity positively influences meaning transfer and brand pride, while sponsor-club congruence enhances both pride and attitudes toward the sponsor. Brand pride strengthens team identification and sponsor attitudes, which in turn significantly predict purchase intention toward the sponsor. Pride operates primarily as an indirect mechanism rather than a direct behavioral driver. Multigroup results indicate that some symbolic effects vary according to voting behavior.
Research limitations/implications – The study contributes to social identity theory, the congruence hypothesis and symbolic transfer theory by integrating emotional and symbolic variables into a unified framework for
sports sponsorship management. 
Practical implications – Practically, the results offer actionable insights for sports clubs and sponsoring brands on managing symbolic capital, establishing legitimacy, and achieving cultural alignment in strategic decisions.
Originality/value – The study integrates leadership symbolism and sponsorship congruence into a unified symbolic model, demonstrating how internal and external symbolic cues jointly shape fan responses in associative sport organizations.</subfield>
   </datafield>
   <datafield ind1="8" ind2=" " tag="024">
      <subfield code="a">Bermúdez-González G, Maldonado Canca L, Cabrera-Sánchez J, Cobo-Paz L (2026), "Symbols, sponsors and supporters: exploring the role of symbolic leadership and sponsorship congruence in fan behavior". International Journal of Sports Marketing and Sponsorship, Vol. 27 No. 6 pp. 36–63, doi: https://doi.org/10.1108/IJSMS-09-2025-0459</subfield>
   </datafield>
   <datafield ind1="8" ind2=" " tag="024">
      <subfield code="a">https://hdl.handle.net/10630/46351</subfield>
   </datafield>
   <datafield ind1="8" ind2=" " tag="024">
      <subfield code="a">10.1108/IJSMS-09-2025-0459</subfield>
   </datafield>
   <datafield tag="653" ind2=" " ind1=" ">
      <subfield code="a">Liderazgo</subfield>
   </datafield>
   <datafield tag="653" ind2=" " ind1=" ">
      <subfield code="a">Clubs de fútbol - Marketing</subfield>
   </datafield>
   <datafield ind2="0" ind1="0" tag="245">
      <subfield code="a">Symbols, sponsors and supporters: exploring the role of symbolic leadership and sponsorship congruence in fan behavior</subfield>
   </datafield>
</record>
</metadata></record></GetRecord></OAI-PMH>